Kirjaimella G alkavia sanoja #1 - Statistics

Yleistilastot
  • Tätä visaa on pelattu 932 kertaa
  • Keskiarvotulos 13 / 20
Vastaustilastot
Määritelmä Sana % Oikein
Yleensä miljoonia tai miljardeja tähtiä sisältävä kokonaisuus Galaksi
95%
Yleinen punaruskea kivilaji Graniitti
91%
Kuvioita ja kappaleita käsittelevä matematiikan osa-alue Geometria
89%
Mailapeli, jossa palloa pyritään lyömään kentällä olevaan reikään Golf
87%
Viljakasvien proteiini, joka on vahingollinen keliakiaa sairastaville Gluteeni
84%
Omistusta ilmaiseva sijamuoto Genetiivi
77%
Näyttelytila taiteelle Galleria
76%
Kreikkalaisten aakkosten kolmas kirjain Gamma
74%
Kuuma lähde, josta purkautuu vettä ja höyryä Geysir
74%
Venetsian kanavilla käytetty kapea vene Gondoli
71%
Mekaanista liikettä sähköksi muuttava kone Generaattori
67%
Hollantilainen puolikova juustotyyppi Gouda
67%
Tyypillinen unkarilainen lihapata Gulassi
67%
Hindulaisuudessa uskonnollinen opettaja, muissa yhteyksissä asiantuntija Guru
57%
Neuvostoliiton työleiri Gulag
49%
Biologisen informaation yksikkö Geeni
48%
Hoikkarakenteisista onttosarvisista koostuva eläinheimo Gasellit
44%
Ikääntymisprosessia tutkiva tiede Gerontologia
20%
Nimitys merilintujen ulostekerroksille, joita käytetään lannoitteiden valmistamiseen Guano
18%
Taiteen tyylilaji Genre
17%
Ehtoja vastaavia visoja ei löytynyt
Tulosjakauma
Jokaisen tuloksen saaneiden osuus
Persentiili vastausten määrän mukaan
Tuloshistoriasi
Et ole pelannut tätä visaa